Online
Catalog

Introducción a la metodología de la ciencia : (Record no. 36668)

MARC details
000 -CABECERA
campo de control de longitud fija 00624nam a2200181 a 4500
001 - NÚMERO DE CONTROL
campo de control 000037178
005 - FECHA Y HORA DE LA ÚLTIMA TRANSACCIÓN
campo de control 20200930080206.0
008 - DATOS DE LONGITUD FIJA--INFORMACIÓN GENERAL
campo de control de longitud fija 120224s1989 sp 000 0 spa d
020 ## - NÚMERO INTERNACIONAL ESTÁNDAR DEL LIBRO
Número Internacional Estándar del Libro 8475334725
040 ## - FUENTE DE LA CATALOGACIÓN
Centro catalogador/agencia de origen DO-SdBNP
Lengua de catalogación spa
Centro/agencia transcriptor BNPHU
082 ## - NÚMERO DE LA CLASIFICACIÓN DECIMAL DEWEY
Número de clasificación xxx
Número de documento/Ítem E18i
100 1# - ENTRADA PRINCIPAL--NOMBRE DE PERSONA
Nombre de persona Echeverría Ezponda, Javier,
Fechas asociadas al nombre 1948-
9 (RLIN) 63588
245 10 - MENCIÓN DE TÍTULO
Título Introducción a la metodología de la ciencia :
Resto del título La filosofía de la ciencia en el siglo XX /
Mención de responsabilidad, etc. Javier Echeverría.
260 ## - PUBLICACIÓN, DISTRIBUCIÓN, ETC.
Lugar de publicación, distribución, etc. Barcelona, España :
Nombre del editor, distribuidor, etc. Barcanova,
Fecha de publicación, distribución, etc. 1989.
300 ## - DESCRIPCIÓN FÍSICA
Extensión ix, 322 p. :
Otras características físicas diagrs. ;
Dimensiones 22 cm.
490 1# - MENCIÓN DE SERIE
Mención de serie Temas universitarios
830 #0 - PUNTO DE ACCESO ADICIONAL DE SERIE-TÍTULO UNIFORME
Título uniforme Temas universitarios
9 (RLIN) 63589

No items available.

Powered by Koha